Ako zariaďovať predajňu

Úspech obchodníka závisí aj od toho, či sa zákazník cíti medzi regálmi dobre, či je tovar prehľadne usporiadaný a prostredie predajne príjemné. Pri zariaďovaní predajne sa oplatí spolupracovať s firmou, ktorá poskytuje komplexné služby. Začať treba už pri vstupe. Doplnkové vybavenie. Gastroprevádzka...

Descripción completa

Guardado en:
Detalles Bibliográficos
Autor principal: Jureš, Vladimír
Formato: Capítulo de libro
Lenguaje:eslovaco
Materias:
Etiquetas: Agregar Etiqueta
Sin Etiquetas, Sea el primero en etiquetar este registro!

MARC

LEADER 00000naa$a2200000$$$4500
001 0036972
005 20231108140642.3
041 0 |a slo 
044 |a SK 
245 1 0 |a Ako zariaďovať predajňu  |c Vladimír Jureš 
520 |a Úspech obchodníka závisí aj od toho, či sa zákazník cíti medzi regálmi dobre, či je tovar prehľadne usporiadaný a prostredie predajne príjemné. Pri zariaďovaní predajne sa oplatí spolupracovať s firmou, ktorá poskytuje komplexné služby. Začať treba už pri vstupe. Doplnkové vybavenie. Gastroprevádzka v predajni. Umiestnenie chladiaceho nábytku. Delenie chladiaceho nábytku - uzavretý, otvorený. 
610 2 0 |a predajne 
610 2 0 |a vybavenosť pracoviska 
610 2 0 |a zariadenia chladiarenské 
610 2 0 |a architektúra 
100 1 |a Jureš, Vladimír